LEADER 01017nam a2200253 a 4500 001 000000021771 003 CaOOAMICUS 005 20140627105150.0 008 950409s1957 fr u000 u fre r 035 $a10541525 040 $aIME$bita$dPUL(R) 100 1 $aPacaut, Marcel,$d1920-2002.$0(OLS)http://pul/name/835 245 13$aLa théocratie :$bl'Eglise et le pouvoir au Moyen Age /$cMarcel Pacaut. 260 $aParis :$bAubier,$c1957. 300 $a302 p. ;$c19 cm 490 1 $aCollection historique 650 4$aChiesa$xStoria$yMedioevo, 600-1500.$0(OLS)http://pul/subject/660 830 0$aCollection historique.$0(OLS)http://pul/title/3116 850 $aPUL 852 $aPUL$W1$xDP2 Filosofia 1$y62$m124 A 40$j30595$nBK-PRI$qStampati$B30595$CPULBib$Z2$F30595 $H19435 $82 941 1 $a8 961 $aINV: 19435 996 $6245$aLa théocratie :$bl'Eglise et le pouvoir au Moyen Age$9(OLS)http://pul/title/30440 996 $6260$aParis :$bAubier$9(OLS)http://pul/publisher/48219 LEADER 01089nam a2200265 a 4500 001 000000170065 003 CaOOAMICUS 005 20181022112819.0 008 181022s1980 it u000 u ita r 032 $aLibriCat 040 $aPUL$bita 082 04$a226.4 100 1 $aMartini, Carlo Maria,$ccardinale, arcivescovo di Milano,$d1927-2012.$0(OLS)http://pul/name/6653 245 12$aL'evangelizzatore in san Luca :$bmeditazioni /$cCarlo Maria Martini. 260 $aMilano :$bÀncora,$c1980. 300 $a189 p. ;$c19 cm. 630 04$aBiblia.$pN.T.$pLucas.$0(OLS)http://pul/subject/37878 650 4$aSpiritualità$xMeditazioni.$0(OLS)http://pul/subject/28081 850 $aPUL 852 $aPUL$W1$xDP2 Religione 3$y114$m226. 4 MARCA 1$j192972$qDDC 21$B198276$CPULBib$Z2$F198276 $H131421 $81 941 1 $a9 996 $6082$a226.4$9(OLS)http://pul/classification/548 996 $6245$aL'evangelizzatore in san Luca :$bmeditazioni$9(OLS)http://pul/title/210765 996 $6260$aMilano :$bÀncora$9(OLS)http://pul/publisher/53070